Prof. RNDr. Zdeněk Pírko, DrSc., sedmdesátníkem

Bibliographic Details
Main Author: Drábek, Karel, 1918-1991 (Author)
Format: Article
Language:Czech

MARC

LEADER 00000nab a2200000uu 4500
001 vtls011457170
003 SK-MaSNL
005 20260303151618.0
008 230222|1979 xo |||||||||||||||||cze|
015 |a SNBRB 
035 |a (urnnbn)urn:nbn:sk:snk:ar-a09ss0 
035 |a (uuid)3f92426d-ec11-47be-a6cd-95ba9b9066d0 
035 |a urn:nbn:sk:snk-abcrtl 
040 |a SNKBUCL  |b slo  |c SNKBUCL  |e AACR2 
041 0 |a cze 
044 |a xo  |c SK 
100 1 |a Drábek, Karel,  |d 1918-1991  |4 aut  |9 205305 
245 1 0 |a Prof. RNDr. Zdeněk Pírko, DrSc., sedmdesátníkem  |c Karel Drábek 
773 0 |t Strojnícky časopis  |g Roč. 30, č. 6 (1979), s. 732-733 
958 |a OND 
958 |a EUIPO 
958 |a article16 
999 |c 2018564  |d 2020494